Tài liệu hỗ trợ giáo viên tập sự môn hóa học

Đặc trunwg của môn hóa học trường THPT. Những phẩm chất, năng lực cần có của người giáo viên hóa học; Những vấn đề cần chú ý về chương trình và sách giáo khoa môn hóa học trường THPT; Những vấn đề cần chú ý về nội dung kiến thức khi dạy theo chương trình, sách giáo khoa hóa học ở trường THPT; Một số...

Descripción completa

Guardado en:
Detalles Bibliográficos
Autor principal: Hoàng Thị Chiên
Otros Autores: Mai Xuân Trường
Formato: Libro
Lenguaje:Vietnamese
Publicado: Hà Nội Nxb. Hà Nội 2013
Colección:Sách Dự án phát triển giáo viên THPT & TCCN
Materias:
Etiquetas: Agregar Etiqueta
Sin Etiquetas, Sea el primero en etiquetar este registro!
Thư viện lưu trữ: Mạng thư viện Đại học Đà Nẵng
LEADER 02032nam a2200385 4500
001 000018458
003 14889
005 20131112101124.0
008 131112s2013 viesd
041 0 |a vie 
082 1 4 |a 375.54  |b HO-C 
100 1 |a Hoàng Thị Chiên 
245 1 0 |a Tài liệu hỗ trợ giáo viên tập sự môn hóa học  |c Hoàng Thị Chiên, Mai Xuân Trường 
260 |a Hà Nội  |b Nxb. Hà Nội  |c 2013 
300 |a 119 tr.  |c 27 cm. 
490 |a Sách Dự án phát triển giáo viên THPT & TCCN 
500 |a Sách Dự án phát triển giáo viên THPT & TCCN, trường ĐHSP - Đại học Thái Nguyên 
500 |a Bộ Giáo dục và Đào tạo, Ngân hàng phát triển Châu Á 
520 3 |a Đặc trunwg của môn hóa học trường THPT. Những phẩm chất, năng lực cần có của người giáo viên hóa học; Những vấn đề cần chú ý về chương trình và sách giáo khoa môn hóa học trường THPT; Những vấn đề cần chú ý về nội dung kiến thức khi dạy theo chương trình, sách giáo khoa hóa học ở trường THPT; Một số vấn đề cần chú ý trong phương pháp, tổ chức dạy học môn hóa học; Hướng dẫn sử dụng một số phương pháp dạy học tích cực trong dạy học hóa học. 
650 0 4 |a Hóa học  |x Dạy và học 
650 0 4 |a Hóa học  |x Giáo viên tập sự 
653 |a Hóa học 
653 |a Giáo viên tập sự 
653 |a Giáo dục phổ thông 
700 1 |a Mai Xuân Trường 
OWN |a LSP 
AVA |a UDN50  |b LSP  |d 375.54 HO-C  |e check_holdings  |t Error 5003 Not defined in file expand_doc_bib_avail.  |h N  |k 1 
999 |a From the UDN01 
AVA |a UDN50  |b LSP  |d 375.54 HO-C  |e available  |t Error 5001 Not defined in file expand_doc_bib_avail.  |f 175  |g 115  |h N  |i 10  |k 1 
TYP |a Monograph 
TYP |a Printed language 
980 |a Mạng thư viện Đại học Đà Nẵng